|
|
|
|
| LEADER |
00000nam0a2200000 4500 |
| 001 |
35012 |
| 005 |
20231030232322.0 |
| 010 |
|
|
|a 5705000308
|
| 035 |
|
|
|a (RuTPU)RU\TPU\book\35428
|
| 035 |
|
|
|a BOOK00002080
|
| 090 |
|
|
|a 35012
|
| 100 |
|
|
|a 20011210d1989 k y0rusy50 ca
|
| 101 |
0 |
|
|a rus
|
| 102 |
|
|
|a RU
|
| 105 |
|
|
|a a g 001zy
|
| 200 |
1 |
|
|a Единая система конструкторской документации
|f С. С. Борушек, А. А. Волков, М. М. Ефимова, Б. Я. Кабаков
|e справочное пособие
|
| 210 |
|
|
|a Москва
|c Изд-во стандартов
|d 1989
|
| 215 |
|
|
|a 351 с.
|c ил.
|
| 320 |
|
|
|a Библиогр.: с. 346-347
|
| 610 |
1 |
|
|a электроника
|
| 610 |
1 |
|
|a микроэлектроника
|
| 610 |
1 |
|
|a конструкторская документация
|
| 610 |
1 |
|
|a оформление
|
| 610 |
1 |
|
|a справочники
|
| 675 |
|
|
|a 658.512.2(035)
|v 3
|
| 701 |
|
1 |
|a Борушек
|b С. С.
|g Семен Саулович
|
| 701 |
|
1 |
|a Волков
|b А. А.
|
| 701 |
|
1 |
|a Ефимова
|b М. М.
|
| 701 |
|
1 |
|a Кабаков
|b Б. Я.
|
| 801 |
|
0 |
|a RU
|b 63413507
|c 20011210
|g PSBO
|
| 801 |
|
2 |
|a RU
|b 63413507
|c 20201030
|g PSBO
|
| 900 |
|
|
|a Электроника и микроэлектроника
|
| 942 |
|
|
|c BK
|